[Event "Vienna Chess Open 2013"]
[Site "Großer Festsaal im Wiener Rat"]
[Date "2013.08.21"]
[Round "5.23"]
[White "Sipila, Vilka"]
[Black "Ramondino, Renzo"]
[Result "0-1"]
[WhiteElo "2205"]
[BlackElo "2474"]
[PlyCount "174"]
[EventDate "2013.??.??"]

1. Nf3 Nf6 2. c4 g6 3. Nc3 Bg7 4. e4 d6 5. d4 O-O 6. Be2 e5 7. O-O Nc6 8. d5
Ne7 9. Ne1 Nd7 10. Be3 f5 11. f3 f4 12. Bf2 g5 13. Nd3 Nf6 14. c5 Ng6 15. Rc1
Rf7 16. cxd6 cxd6 17. Nb5 g4 18. Qc2 g3 19. hxg3 fxg3 20. Bxg3 Bh6 21. Bf2 Bxc1
22. Rxc1 Ne8 23. Nxa7 Bd7 24. Qd2 Rg7 25. Kf1 Nh4 26. g3 Rxa7 27. Bxa7 Rxg3 28.
Ne1 Qf6 29. Rc3 Qg6 30. a4 Nf6 31. Bd1 Bh3+ 32. Ke2 Bg4 33. Qc2 Nxf3 34. Rxf3
Bxf3+ 35. Nxf3 Rg2+ 36. Bf2 Nxe4 37. Ke1 Nxf2 38. Kf1 Nxd1 39. Qc8+ Kg7 40.
Qd7+ Qf7 41. Qxf7+ Kxf7 42. Kxg2 Nxb2 43. a5 Nc4 44. Ng5+ Kg6 45. Ne4 Kf5 46.
Kf3 h6 47. Ng3+ Kf6 48. Ne4+ Ke7 49. Ng3 Nxa5 50. Nf5+ Kd7 51. Nxh6 Nb3 52. Ke3
Nc5 53. Kd2 b5 54. Kc3 Kc7 55. Nf5 Ne4+ 56. Kb4 Kb6 57. Ne7 Nf6 58. Nc8+ Kc7
59. Ne7 Kd7 60. Nf5 Nxd5+ 61. Kxb5 Ne7 62. Ng7 Nc6 63. Kc4 Ne7 64. Kb5 Ng6 65.
Kc4 Nf4 66. Nf5 Ke6 67. Ng7+ Ke7 68. Nf5+ Kd7 69. Ng7 d5+ 70. Kc5 d4 71. Kc4 d3
72. Kc3 Kd6 73. Nf5+ Kd5 74. Ne3+ Ke4 75. Nc4 Nd5+ 76. Kd2 Nf4 77. Kc3 Kd5 78.
Ne3+ Kc5 79. Ng4 e4 80. Kd2 Kd4 81. Ne3 Nd5 82. Nf5+ Ke5 83. Nh4 Nf4 84. Ke3
Kf6 85. Kxf4 d2 86. Nf5 d1=Q 87. Ne3 Qf3# 0-1

[Event "Vienna Chess Open 2013"]
[Site "Großer Festsaal im Wiener Rat"]
[Date "2013.08.21"]
[Round "5.24"]
[White "Cherniaev, Alexander"]
[Black "Higatsberger, Michael"]
[Result "1-0"]
[WhiteElo "2178"]
[BlackElo "2451"]
[PlyCount "62"]
[EventDate "2013.??.??"]

1. c4 Nf6 2. Nc3 d5 3. cxd5 Nxd5 4. g3 g6 5. Bg2 c6 6. d3 Bg7 7. Bd2 Nb6 8. Qc1
N8d7 9. Bh6 Bxh6 10. Qxh6 Nf6 11. Nf3 Qd6 12. Ng5 Ng4 13. Qh4 Qf6 14. O-O h6
15. Nf3 g5 16. Qh5 Qg7 17. Nd2 Be6 18. h3 Nf6 19. Qf3 g4 20. hxg4 Nxg4 21. Qf4
O-O-O 22. Nf3 Nd5 23. Qd4 f6 24. Qxa7 Kc7 25. Rac1 Nxc3 26. Rxc3 Bd5 27. Qa5+
Kb8 28. e4 Be6 29. b4 Ne5 30. Nxe5 fxe5 31. b5 cxb5 1-0

[Event "Vienna Chess Open 2013"]
[Site "Großer Festsaal im Wiener Rat"]
[Date "2013.08.21"]
[Round "5.25"]
[White "Abdumalik, Zhansaya"]
[Black "Arkell, Keith"]
[Result "1/2-1/2"]
[WhiteElo "2444"]
[BlackElo "2265"]
[PlyCount "142"]
[EventDate "2013.??.??"]

1. e4 c6 2. Nc3 d5 3. Nf3 Bg4 4. h3 Bxf3 5. Qxf3 e6 6. exd5 cxd5 7. Bb5+ Nc6 8.
O-O a6 9. Ba4 Nf6 10. d3 Be7 11. Re1 O-O 12. Bf4 b5 13. Bb3 Nd4 14. Qd1 Bb4 15.
Bd2 a5 16. a4 Nxb3 17. cxb3 bxa4 18. bxa4 Qe7 19. Qe2 Rfc8 20. Nb5 h6 21. Rac1
Ne8 22. Bc3 Bxc3 23. bxc3 Nc7 24. Qa2 Qc5 25. c4 Nxb5 26. cxb5 Qxc1 27. Rxc1
Rxc1+ 28. Kh2 Rac8 29. Qd2 R1c3 30. Qb2 d4 31. b6 Rb8 32. Qb5 Kh7 33. Kg3 Rcc8
34. Kf4 Rb7 35. Qxa5 Rc6 36. Ke4 Rd6 37. g4 Rbxb6 38. Qa7 Kg6 39. Qe7 Rd5 40.
f4 f5+ 41. Kf3 fxg4+ 42. hxg4 Ra6 43. Qb7 Rda5 44. Qc8 Kh7 45. Qe8 Ra8 46. Qxe6
Rxa4 47. g5 hxg5 48. Qh3+ Kg8 49. Qe6+ Kh7 50. fxg5 Rf8+ 51. Kg4 Ra1 52. Qe4+
g6 53. Qxd4 Raf1 54. Qe3 R1f7 55. d4 Rd8 56. Qe5 Rfd7 57. d5 Rd6 58. Kf4 Rxd5
59. Qe7+ Kg8 60. Qe6+ Kg7 61. Qf6+ Kh7 62. Qf7+ Kh8 63. Qxg6 Rd4+ 64. Ke3 Rd3+
65. Qxd3 Rxd3+ 66. Kxd3 Kg7 67. Ke4 Kg6 68. Kf4 Kg7 69. Kf5 Kf7 70. g6+ Kg7 71.
Kg5 Kg8 1/2-1/2

[Event "Vienna Chess Open 2013"]
[Site "Großer Festsaal im Wiener Rat"]
[Date "2013.08.21"]
[Round "5.27"]
[White "Sanal, Vahap"]
[Black "Heinl, Thomas"]
[Result "1/2-1/2"]
[WhiteElo "2177"]
[BlackElo "2421"]
[PlyCount "115"]
[EventDate "2013.??.??"]

1. e4 e5 2. Nf3 Nc6 3. Bb5 a6 4. Ba4 Nf6 5. O-O Be7 6. Re1 b5 7. Bb3 O-O 8. h3
d6 9. c3 Na5 10. Bc2 c5 11. d4 Qc7 12. Nbd2 Nc6 13. d5 Na5 14. b3 Bd7 15. Nf1
Nb7 16. Ne3 g6 17. Nh2 c4 18. b4 a5 19. Qf3 Kh8 20. Neg4 Ng8 21. Nh6 f6 22. Qg3
axb4 23. cxb4 Nd8 24. Nxg8 Rxg8 25. f4 Qa7+ 26. Be3 Qa3 27. Reb1 Qc3 28. Qf2
Nf7 29. Nf3 Qa3 30. Kh1 Rg7 31. Bc1 Qa6 32. a4 bxa4 33. Ra3 Rgg8 34. Rba1 Qb7
35. Bd2 Kg7 36. Kh2 Bd8 37. Bc3 Bb6 38. Qd2 Qa7 39. Re1 Rgf8 40. g3 Kg8 41. Kg2
Qb7 42. Rea1 Qa7 43. Qd1 Be3 44. Bxa4 Bxa4 45. Rxa4 Qb7 46. Qe2 exf4 47. gxf4
Bxf4 48. Nd4 Ng5 49. h4 Rxa4 50. Rxa4 Qd7 51. hxg5 Qxa4 52. Ne6 Qb3 53. Qf3
Qc2+ 54. Kf1 Qc1+ 55. Kg2 Qc2+ 56. Kf1 Rf7 57. Bxf6 Be5 58. Qa3 1/2-1/2

[Event "Vienna Chess Open 2013"]
[Site "Großer Festsaal im Wiener Rat"]
[Date "2013.08.21"]
[Round "5.28"]
[White "Ådnøy, Hallvard"]
[Black "Zeller, Frank"]
[Result "1-0"]
[WhiteElo "2419"]
[BlackElo "2256"]
[PlyCount "43"]
[EventDate "2013.??.??"]

1. e4 c5 2. c3 d5 3. exd5 Qxd5 4. d4 Nc6 5. Nf3 Bg4 6. Nbd2 O-O-O 7. Bc4 Qh5 8.
Qa4 Nf6 9. Bb5 Rd6 10. Bxc6 Rxc6 11. Ne5 Ra6 12. Qc4 Nd7 13. Nxg4 Qxg4 14. O-O
Rg6 15. g3 h5 16. Qxf7 h4 17. f3 Qh5 18. g4 Nf6 19. Kh1 Qh7 20. Nc4 Qg8 21. Ne5
Qxf7 22. Nxf7 1-0

[Event "Vienna Chess Open 2013"]
[Site "Großer Festsaal im Wiener Rat"]
[Date "2013.08.21"]
[Round "5.29"]
[White "Khmelevskyi, Sergii"]
[Black "Wallner, Joachim"]
[Result "1/2-1/2"]
[WhiteElo "2407"]
[BlackElo "2254"]
[PlyCount "169"]
[EventDate "2013.??.??"]

1. d4 d5 2. c4 c6 3. Nf3 Nf6 4. Nc3 a6 5. c5 Nbd7 6. Bf4 Nh5 7. Bd2 Nhf6 8. Bf4
Nh5 9. Bd2 g6 10. e4 dxe4 11. Nxe4 Ndf6 12. Nxf6+ Nxf6 13. Bc4 Bg7 14. O-O O-O
15. Qb3 Nd5 16. Rfe1 e6 17. Rad1 a5 18. a4 Qc7 19. g3 Bd7 20. Kg2 b5 21. cxb6
Nxb6 22. Bf4 Qd8 23. Bd6 Re8 24. Ne5 Bc8 25. Bc5 Nxc4 26. Nxc4 Qd5+ 27. f3 Ba6
28. Nxa5 Qxb3 29. Nxb3 Reb8 30. Na5 Rxb2+ 31. Kg1 Be2 32. Rb1 Ra2 33. Rb3 h5
34. Nxc6 R8xa4 35. Ne5 Ra8 36. Reb1 Bf6 37. Rb8+ Rxb8 38. Rxb8+ Kg7 39. f4 g5
40. Rb7 Bxe5 41. dxe5 Bf3 42. Rb4 g4 43. Be7 Rg2+ 44. Kf1 Rxh2 45. Bh4 Kg6 46.
Rd4 Kf5 47. Rb4 Be4 48. Bg5 Rc2 49. Rd4 Bd5 50. Bh4 Rh2 51. Bg5 Bc6 52. Rb4 Rc2
53. Bh4 Be4 54. Rd4 Bg2+ 55. Ke1 Bd5 56. Kf1 Bc4+ 57. Kg1 Bb5 58. Bg5 Rc1+ 59.
Kf2 Rf1+ 60. Kg2 Rf3 61. Bh4 Bf1+ 62. Kg1 Bh3 63. Rb4 Rf1+ 64. Kh2 Rc1 65. Rd4
Bf1 66. Kg1 Bb5+ 67. Kf2 Rc2+ 68. Kg1 Ba6 69. Bg5 Rc1+ 70. Kf2 Rh1 71. Ra4 Bb5
72. Rb4 Bc6 73. Rd4 Bd5 74. Rb4 Rh2+ 75. Kf1 Rc2 76. Rd4 Kg6 77. Bh4 Kg7 78.
Rb4 Bc4+ 79. Ke1 Be2 80. Rd4 Bf3 81. Kf1 Kg6 82. Kg1 Kf5 83. Rb4 Rd2 84. Kf1
Rc2 85. Ra4 {Ke4  Ra5} 1/2-1/2

[Event "Vienna Chess Open 2013"]
[Site "Großer Festsaal im Wiener Rat"]
[Date "2013.08.21"]
[Round "5.30"]
[White "Swicarz, Maciej"]
[Black "Mahdy, Khaled"]
[Result "1-0"]
[WhiteElo "2397"]
[BlackElo "2238"]
[PlyCount "47"]
[EventDate "2013.??.??"]

1. Nf3 Nf6 2. d4 g6 3. g3 Bg7 4. Bg2 d5 5. c4 c6 6. cxd5 cxd5 7. Ne5 O-O 8. Nc3
e6 9. O-O Nfd7 10. Bf4 Nxe5 11. Bxe5 Bxe5 12. dxe5 Nc6 13. f4 Qb6+ 14. Kh1 Qxb2
15. Qd3 Qb6 16. g4 f6 17. exf6 Rxf6 18. Rab1 Qc7 19. f5 gxf5 20. gxf5 Qe5 21.
fxe6 Rh6 22. Bh3 Ne7 23. Rf7 Bxe6 24. Rxe7 1-0

[Event "Vienna Chess Open 2013"]
[Site "Großer Festsaal im Wiener Rat"]
[Date "2013.08.21"]
[Round "5.31"]
[White "Handler, Lukas"]
[Black "Hajek, Lukas"]
[Result "1-0"]
[WhiteElo "2157"]
[BlackElo "2393"]
[PlyCount "63"]
[EventDate "2013.??.??"]

1. Nf3 Nf6 2. c4 c5 3. Nc3 b6 4. e4 d6 5. d4 cxd4 6. Nxd4 Bb7 7. Qe2 Nbd7 8. g4
Ne5 9. g5 Nfd7 10. f4 Nc6 11. Nf3 g6 12. Bd2 Bg7 13. Bg2 Nc5 14. O-O Qd7 15.
Rad1 O-O-O 16. a3 Kb8 17. b4 Nb3 18. Be1 Nbd4 19. Nxd4 Nxd4 20. Qf2 Ne6 21. c5
bxc5 22. bxc5 Nxc5 23. Rb1 Nd3 24. Qe3 Nxe1 25. Nb5 Bc6 26. Nxa7+ Ka8 27. Nxc6
Qxc6 28. Rfxe1 e6 29. Rb6 Qa4 30. Rb4 Qa7 31. Qxa7+ Kxa7 32. Reb1 1-0

[Event "Vienna Chess Open 2013"]
[Site "Großer Festsaal im Wiener Rat"]
[Date "2013.08.21"]
[Round "5.32"]
[White "Linster, Philippe"]
[Black "Alvir, Aco"]
[Result "1/2-1/2"]
[WhiteElo "2383"]
[BlackElo "2244"]
[PlyCount "25"]
[EventDate "2013.??.??"]

1. e4 g6 2. d4 Bg7 3. Nc3 c6 4. Nf3 d5 5. h3 dxe4 6. Nxe4 Nf6 7. Nxf6+ exf6 8.
Bc4 O-O 9. O-O Nd7 10. Re1 Nb6 11. Bb3 Re8 12. c3 Bf5 13. Bf4 1/2-1/2

[Event "Vienna Chess Open 2013"]
[Site "Großer Festsaal im Wiener Rat"]
[Date "2013.08.21"]
[Round "5.33"]
[White "Albadri, Abd Alsattar"]
[Black "Lugovskoy, Maxim"]
[Result "0-1"]
[WhiteElo "2372"]
[BlackElo "2233"]
[PlyCount "60"]
[EventDate "2013.??.??"]

1. d4 e6 2. c4 d5 3. cxd5 exd5 4. Nc3 c6 5. Bf4 Nf6 6. e3 Bf5 7. Bd3 Bxd3 8.
Qxd3 Be7 9. Nf3 Nbd7 10. h3 O-O 11. O-O Re8 12. Rab1 a5 13. Ne5 Nxe5 14. Bxe5
Bd6 15. f4 Bb4 16. a3 Bxc3 17. bxc3 b5 18. a4 bxa4 19. Qf5 a3 20. Qg5 h6 21.
Qg3 Nh5 22. Qg4 Nf6 23. Qg3 Qe7 24. Rb7 Nh5 25. Rxe7 Nxg3 26. Rxe8+ Rxe8 27.
Ra1 Ne2+ 28. Kf2 Nxc3 29. Rxa3 Nb5 30. Rxa5 f6 0-1

[Event "Vienna Chess Open 2013"]
[Site "Großer Festsaal im Wiener Rat"]
[Date "2013.08.21"]
[Round "5.34"]
[White "Kyas, Jürgen"]
[Black "Kaufeld, Juergen"]
[Result "0-1"]
[WhiteElo "2348"]
[BlackElo "2205"]
[PlyCount "76"]
[EventDate "2013.??.??"]

1. e4 c5 2. Nf3 d6 3. d4 cxd4 4. Nxd4 Nf6 5. Nc3 a6 6. Be2 Nbd7 7. O-O Nc5 8.
Bf3 e6 9. Nb3 Ncd7 10. a4 Be7 11. a5 Qc7 12. Na4 O-O 13. Be3 Ne5 14. Bb6 Nxf3+
15. gxf3 Qc6 16. Be3 e5 17. Nb6 Rb8 18. Kh1 Be6 19. c4 Bd8 20. Nd2 Bxb6 21.
axb6 Nd7 22. b4 Nxb6 23. b5 axb5 24. cxb5 Qc7 25. Rc1 Qd8 26. Rg1 Kh8 27. f4 f5
28. Qh5 Nd7 29. Nf3 Nf6 30. Qg5 Qd7 31. fxe5 Nxe4 32. Qf4 Bd5 33. e6 Qxe6 34.
Bd4 Rf7 35. Rg2 h6 36. Rcg1 Ng5 37. Rxg5 hxg5 38. Rxg5 Bxf3+ 0-1

[Event "Vienna Chess Open 2013"]
[Site "Großer Festsaal im Wiener Rat"]
[Date "2013.08.21"]
[Round "5.35"]
[White "Tjomsland, Stig"]
[Black "Snihur, Piotr"]
[Result "1-0"]
[WhiteElo "2122"]
[BlackElo "2337"]
[PlyCount "119"]
[EventDate "2013.??.??"]

1. d4 Nf6 2. c4 c5 3. d5 b5 4. cxb5 a6 5. f3 e6 6. e4 exd5 7. e5 Qe7 8. Qe2 Ng8
9. Nc3 Bb7 10. Nh3 d6 11. Nf4 dxe5 12. Nfxd5 Qd6 13. Bf4 Nd7 14. Rd1 Ngf6 15.
Nxf6+ Qxf6 16. Qd2 Qd8 17. Bg5 Be7 18. Bxe7 Qxe7 19. bxa6 Bxa6 20. Qd5 Ra7 21.
Bxa6 Rxa6 22. O-O Nf6 23. Qc4 Ra8 24. Qb5+ Kf8 25. Qc6 Rb8 26. Ne4 Nxe4 27.
fxe4 Rd8 28. Rxd8+ Qxd8 29. Qxc5+ Qe7 30. Qc8+ Qe8 31. Qf5 Qe7 32. Qc8+ Qe8 33.
Qh3 Qc6 34. Qf5 Qc5+ 35. Kh1 Qe7 36. Qh5 Kg8 37. Rd1 h6 38. Rd5 g5 39. Qf3 Kg7
40. Qf5 Re8 41. h3 Qc7 42. Kh2 Re6 43. b3 Qc3 44. Rb5 Qd2 45. a4 h5 46. Rb7
Qf4+ 47. Qxf4 exf4 48. Rb5 f6 49. a5 Rxe4 50. a6 Re2 51. Ra5 f3 52. Kg1 g4 53.
a7 Rxg2+ 54. Kf1 g3 55. a8=Q Rf2+ 56. Ke1 Re2+ 57. Kd1 g2 58. Qxf3 g1=Q+ 59.
Kxe2 Qh2+ 60. Qf2 1-0

[Event "Vienna Chess Open 2013"]
[Site "Großer Festsaal im Wiener Rat"]
[Date "2013.08.21"]
[Round "5.36"]
[White "Arnold, Max"]
[Black "Stromboli, Ettore"]
[Result "1/2-1/2"]
[WhiteElo "2336"]
[BlackElo "2151"]
[PlyCount "136"]
[EventDate "2013.??.??"]

1. d4 Nf6 2. Bg5 c6 3. Bxf6 exf6 4. e3 g6 5. g3 Bg7 6. Bg2 O-O 7. Ne2 d5 8. O-O
Qb6 9. b3 Be6 10. Nf4 Nd7 11. Qe2 f5 12. Nd2 Nf6 13. c4 Rad8 14. Rfc1 Rfe8 15.
Rc2 Rd7 16. Rac1 Qd8 17. Nd3 Rde7 18. b4 dxc4 19. Nxc4 Bxc4 20. Rxc4 Ng4 21.
Qf1 Bh6 22. Nf4 Nf6 23. a4 g5 24. Nd3 f4 25. Ne5 fxe3 26. fxe3 Nd7 27. Nxd7
Qxd7 28. e4 Bg7 29. Rd1 Rd8 30. a5 b5 31. axb6 axb6 32. d5 Qd6 33. Rxc6 Qxb4
34. Kh1 Red7 35. Qc4 Qxc4 36. Rxc4 Rd6 37. Rb1 Be5 38. Ra4 Rb8 39. Bf1 Rf6 40.
Kg2 Bd6 41. Bb5 Be5 42. Bd7 Kg7 43. Rb5 Bd6 44. Ra7 Bc5 45. Bf5 Rd8 46. g4 h5
47. Rb1 hxg4 48. Rf1 Re8 49. Be6 Re7 50. Rxe7 Bxe7 51. Bxg4 Bd6 52. Rf5 Rxf5
53. Bxf5 Kf6 54. h3 Ke5 55. Kf3 Kd4 56. Ke2 Kc3 57. Kd1 Kb2 58. Bd7 Bf4 59. Bc6
Kc3 60. Bd7 f6 61. Be8 Kd3 62. Bg6 Kc3 63. Be8 Kd3 64. Bg6 b5 65. e5+ Kd4 66.
exf6 Kxd5 67. Kc2 Ke6 68. f7 Bd6 1/2-1/2

[Event "Vienna Chess Open 2013"]
[Site "Großer Festsaal im Wiener Rat"]
[Date "2013.08.22"]
[Round "6.1"]
[White "Krivoborodov, Egor"]
[Black "Poetsch, Hagen"]
[Result "1/2-1/2"]
[WhiteElo "2502"]
[BlackElo "2446"]
[PlyCount "118"]
[EventDate "2013.??.??"]

1. e4 e6 2. d4 d5 3. Nc3 Nf6 4. Bg5 dxe4 5. Nxe4 Be7 6. Bxf6 gxf6 7. Nf3 f5 8.
Nc3 a6 9. Qd2 b5 10. O-O-O Qd6 11. Be2 Nd7 12. Qe3 Bb7 13. Ne5 Nxe5 14. dxe5
Qc5 15. Qg3 Kf8 16. Bf3 Rg8 17. Qh3 Bxf3 18. Qxf3 Kg7 19. Rhe1 Rad8 20. g4 b4
21. Na4 Qc4 22. Kb1 fxg4 23. Rg1 h5 24. h3 Rxd1+ 25. Qxd1 Qb5 26. hxg4 Qxa4 27.
gxh5+ Kh8 28. Rxg8+ Kxg8 29. h6 Kh7 30. Qg4 Bf8 31. Qe4+ Kxh6 32. Qh4+ Kg7 33.
Qf6+ Kh7 34. Qxf7+ Bg7 35. Qxe6 Qb5 36. Qf5+ Kg8 37. Qe6+ Kf8 38. Qc8+ Ke7 39.
Qxc7+ Ke6 40. Qd6+ Kf5 41. a3 bxa3 42. Qxa3 Bxe5 43. Qh3+ Kf6 44. c3 Ke7 45.
Qc8 a5 46. Ka2 Qd5+ 47. Kb1 a4 48. Qg4 Qd3+ 49. Ka2 Qd5+ 50. Kb1 Qd3+ 51. Ka2
Qc2 52. Qc4 Bd6 53. f3 a3 54. Qe4+ Qxe4 55. fxe4 axb2 56. Kxb2 Ke6 57. e5 Bxe5
58. Kb3 Bxc3 59. Kxc3 Ke5 1/2-1/2

[Event "Vienna Chess Open 2013"]
[Site "Großer Festsaal im Wiener Rat"]
[Date "2013.08.22"]
[Round "6.2"]
[White "Manea, Alexandru"]
[Black "Novikov, Stanislav"]
[Result "0-1"]
[WhiteElo "2390"]
[BlackElo "2545"]
[PlyCount "66"]
[EventDate "2013.??.??"]

1. d4 Nf6 2. c4 g6 3. Nc3 Bg7 4. e4 d6 5. Nf3 O-O 6. Be2 Na6 7. O-O e5 8. Be3
Ng4 9. Bg5 Qe8 10. dxe5 dxe5 11. h3 f6 12. Bd2 Nh6 13. Qc1 Nf7 14. c5 c6 15.
Bxa6 bxa6 16. Re1 Rb8 17. Qc2 f5 18. exf5 gxf5 19. Rad1 Qe7 20. b4 Qf6 21. Ne2
a5 22. a3 axb4 23. axb4 Be6 24. Bc3 Bd5 25. Ng3 Bxf3 26. gxf3 Ng5 27. Kg2 Nxf3
28. Kxf3 e4+ 29. Kg2 Qxc3 30. Qa2+ Kh8 31. Qxa7 Qf3+ 32. Kg1 e3 33. Qa2 f4 0-1

[Event "Vienna Chess Open 2013"]
[Site "Großer Festsaal im Wiener Rat"]
[Date "2013.08.22"]
[Round "6.4"]
[White "Dastan, M.Batuhan"]
[Black "Drozdowski, Kacper"]
[Result "1/2-1/2"]
[WhiteElo "2417"]
[BlackElo "2437"]
[PlyCount "177"]
[EventDate "2013.??.??"]

1. e4 c5 2. Nf3 e6 3. d4 cxd4 4. Nxd4 a6 5. Nc3 Qc7 6. Bd3 Nf6 7. O-O d6 8. f4
Nbd7 9. Qe2 Be7 10. Kh1 b5 11. Bd2 Bb7 12. b4 O-O 13. a4 bxa4 14. Nxa4 d5 15.
e5 Ne4 16. Bxe4 dxe4 17. c4 e3 18. Be1 Rfd8 19. Nc2 Nb8 20. Nxe3 Nc6 21. c5 Nd4
22. Qb2 Qc6 23. Nb6 Rab8 24. Nbc4 Ba8 25. Qf2 Nb3 26. Ra3 Nd4 27. Nd6 Bxd6 28.
exd6 Qe4 29. Ra2 Bc6 30. Bc3 Nb5 31. Ba1 f6 32. Qf3 Qxf3 33. gxf3 Nxd6 34. cxd6
Rxb4 35. Rd2 Rxf4 36. Kg2 e5 37. Bc3 Kf7 38. Ba5 Rd7 39. Bc7 Ke6 40. Rc2 Ba4
41. Rd2 Bc6 42. Rc2 Ba4 43. Rc3 Bb5 44. Re1 g5 45. Ng4 h5 46. Nf2 Rg7 47. Re4
Kf5 48. Nh1 h4 49. Nf2 h3+ 50. Nxh3 Rxe4 51. fxe4+ Kxe4 52. Rf3 Rg6 53. Bd8 Bc6
54. Rxf6 Rxf6 55. Bxf6 Kf5+ 56. Kf2 Kxf6 57. Ke3 a5 58. Kd3 Bd7 59. Nf2 Ke6 60.
Ne4 g4 61. Nc5+ Kxd6 62. Nb7+ Kd5 63. Nxa5 Bb5+ 64. Ke3 Ba4 65. Nb7 Bb3 66. Nd8
Kd6 67. Nb7+ Kd5 68. Nd8 Bc4 69. Nf7 Bb5 70. Ng5 Bd7 71. Ne4 Bf5 72. Nd2 Ke6
73. Nc4 Kf6 74. Kf2 Bd3 75. Ne3 Kg5 76. Kg3 Be2 77. Nc2 Kf5 78. Ne3+ Ke4 79.
Nxg4 Bxg4 80. Kxg4 Kd3 81. h4 e4 82. h5 e3 83. h6 e2 84. h7 e1=Q 85. h8=Q Qe4+
86. Kg5 Qg2+ 87. Kh6 Qh3+ 88. Kg7 Qxh8+ 89. Kxh8 1/2-1/2

[Event "Vienna Chess Open 2013"]
[Site "Großer Festsaal im Wiener Rat"]
[Date "2013.08.22"]
[Round "6.5"]
[White "Vavulin, Maxim"]
[Black "Moser, Eva"]
[Result "1/2-1/2"]
[WhiteElo "2360"]
[BlackElo "2433"]
[PlyCount "108"]
[EventDate "2013.??.??"]

1. e4 e6 2. d4 d5 3. Nc3 Nf6 4. Bg5 dxe4 5. Nxe4 Be7 6. Bxf6 gxf6 7. Nf3 f5 8.
Nc3 a6 9. Qe2 b5 10. O-O-O b4 11. Na4 Qd5 12. Qc4 Bb7 13. Qxc7 Bd6 14. Qc4 Nd7
15. Qxd5 Bxd5 16. c4 bxc3 17. Nxc3 Bxf3 18. gxf3 Ke7 19. h4 Rhg8 20. Bh3 Rg6
21. Rhe1 Rh6 22. Bxf5 Rxh4 23. d5 Be5 24. dxe6 fxe6 25. Nd5+ exd5 26. Rxd5 Rc8+
27. Kd2 Rcc4 28. Rxd7+ Kf6 29. Bxh7 Rc7 30. Rxc7 Bxc7 31. Bd3 Ba5+ 32. Ke2 Bxe1
33. Kxe1 a5 34. Kd2 Ke5 35. Ke3 Rf4 36. Be4 Rf8 37. b3 Rf6 38. Kd3 Rb6 39. Kc4
Rb4+ 40. Kc5 Rb8 41. Kc4 Rb4+ 42. Kc5 Rb8 43. Bc6 Kf4 44. Kd6 Rd8+ 45. Bd7 Rb8
46. Kc7 Rb4 47. Ba4 Rd4 48. Bb5 a4 49. Bxa4 Rd2 50. a3 Ra2 51. b4 Rxa3 52. Bc6
Rb3 53. b5 Rxb5 54. Bxb5 Kxf3 1/2-1/2

[Event "Vienna Chess Open 2013"]
[Site "Großer Festsaal im Wiener Rat"]
[Date "2013.08.22"]
[Round "6.6"]
[White "Sergeyeva, Mariya"]
[Black "Guliyev, Namig"]
[Result "0-1"]
[WhiteElo "2320"]
[BlackElo "2562"]
[PlyCount "110"]
[EventDate "2013.??.??"]

1. e4 c5 2. Nf3 e6 3. d4 cxd4 4. Nxd4 Nf6 5. Nc3 d6 6. Bg5 h6 7. Be3 a6 8. a4
b6 9. Bd3 Bb7 10. O-O Nbd7 11. f4 Be7 12. Qe1 Nc5 13. Bd2 O-O 14. b4 Nxd3 15.
cxd3 Re8 16. Qg3 Bf8 17. b5 Kh8 18. Rfc1 Rc8 19. bxa6 Bxa6 20. Ncb5 Qd7 21. Kh1
e5 22. fxe5 dxe5 23. Nf5 Bxb5 24. axb5 Nxe4 25. dxe4 Rxc1+ 26. Rxc1 Qxd2 27.
Qe3 Qxe3 28. Nxe3 Bc5 29. Nd5 Ra8 30. g3 Ra2 31. Nc3 Rb2 32. Rb1 Rxb1+ 33. Nxb1
Bb4 34. Kg2 g6 35. Kf3 Kg7 36. Ke3 f5 37. Kd3 Kf6 38. Kc4 Ba5 39. exf5 gxf5 40.
Na3 Kg5 41. Kd5 e4 42. Nc4 Bb4 43. Ke6 Bc5 44. Ne5 f4 45. h4+ Kh5 46. gxf4 e3
47. f5 e2 48. Nd3 Kxh4 49. f6 Kg3 50. f7 Bf8 51. Kd5 h5 52. Ke4 Bh6 53. f8=Q
Bxf8 54. Ke3 h4 55. Kxe2 h3 0-1

[Event "Vienna Chess Open 2013"]
[Site "Großer Festsaal im Wiener Rat"]
[Date "2013.08.22"]
[Round "6.7"]
[White "Pirrot, Dieter"]
[Black "Sokolov, Ivan"]
[Result "1-0"]
[WhiteElo "2377"]
[BlackElo "2656"]
[PlyCount "57"]
[EventDate "2013.??.??"]

1. e4 e5 2. Nf3 Nc6 3. Bc4 Bc5 4. c3 Nf6 5. d4 exd4 6. cxd4 Bb4+ 7. Bd2 Bxd2+
8. Nbxd2 d5 9. exd5 Nxd5 10. Qb3 Nce7 11. O-O O-O 12. Rfe1 Nb6 13. Bd3 Ned5 14.
Ne4 Nf4 15. Neg5 g6 16. Bf1 Kg7 17. g3 Nfd5 18. h4 Bf5 19. Bd3 Bxd3 20. Qxd3
Nf6 21. Ne5 Qd5 22. Rac1 c6 23. Qa3 Nc8 24. Rc5 Qd6 25. Nexf7 Rxf7 26. Nxf7
Kxf7 27. Qb3+ Kf8 28. Re6 Qxd4 29. Rc4 1-0

[Event "Vienna Chess Open 2013"]
[Site "Großer Festsaal im Wiener Rat"]
[Date "2013.08.22"]
[Round "6.8"]
[White "Fier, Alexandr"]
[Black "Tjomsland, Stig"]
[Result "0-1"]
[WhiteElo "2595"]
[BlackElo "2337"]
[PlyCount "158"]
[EventDate "2013.??.??"]

1. Nf3 Nf6 2. c4 e6 3. g3 d5 4. Bg2 Be7 5. O-O O-O 6. d4 dxc4 7. Qc2 a6 8. Qxc4
b5 9. Qc2 Bb7 10. Bd2 Bd6 11. Ng5 Bxg2 12. Kxg2 h6 13. Nf3 Nbd7 14. Ba5 Rc8 15.
Qc6 Nb8 16. Qb7 Qd7 17. Rc1 c5 18. Qxd7 Nbxd7 19. Nbd2 c4 20. b3 Ba3 21. Rc2
cxb3 22. Rxc8 Rxc8 23. axb3 Bd6 24. Ra2 Kf8 25. e4 Be7 26. Ne1 Ke8 27. Nd3 Nb8
28. Ne5 Nfd7 29. Nxd7 Kxd7 30. Nf3 Bf6 31. Bd2 Kc6 32. g4 Kb7 33. h4 Rd8 34.
Bc3 Nc6 35. Rd2 b4 36. Bb2 Na5 37. Rd3 g6 38. Bc1 Bg7 39. d5 exd5 40. exd5 Kb6
41. Nd2 Rc8 42. d6 Rxc1 43. d7 Nb7 44. d8=Q+ Nxd8 45. Rxd8 Kc7 46. Re8 Bc3 47.
Nc4 Bf6 48. Rf8 Bd4 49. Rxf7+ Kc6 50. Rf8 Rc3 51. Rg8 g5 52. Rg6+ Kc5 53. Rxa6
Rxc4 54. Ra5+ Kb6 55. Rd5 Rc3 56. Rxd4 Kc5 57. Re4 gxh4 58. Re6 h3+ 59. Kh2
Rxb3 60. Rxh6 Rf3 61. Rh8 b3 62. g5 Rf5 63. Rb8 Kc4 64. f4 Rxf4 65. Kxh3 Kc3
66. Rc8+ Kd2 67. Rb8 Kc2 68. Kg3 Rc4 69. g6 Rc6 70. Kf2 Rxg6 71. Rc8+ Kb1 72.
Ke2 Rd6 73. Ra8 b2 74. Ra7 Rd4 75. Ke3 Kc2 76. Kxd4 b1=Q 77. Rc7+ Kd2 78. Rc4
Qb6+ 79. Ke4 Qe6+ 0-1

[Event "Vienna Chess Open 2013"]
[Site "Großer Festsaal im Wiener Rat"]
[Date "2013.08.22"]
[Round "6.9"]
[White "Lugovskoy, Maxim"]
[Black "Shchekachev, Andrei"]
[Result "1/2-1/2"]
[WhiteElo "2372"]
[BlackElo "2527"]
[PlyCount "58"]
[EventDate "2013.??.??"]

1. e4 c5 2. Nf3 g6 3. d4 cxd4 4. Qxd4 Nf6 5. Nc3 Nc6 6. Qa4 d6 7. e5 dxe5 8.
Nxe5 Bd7 9. Nxd7 Qxd7 10. Be3 Bg7 11. Be2 O-O 12. O-O Qc7 13. Rad1 a6 14. Bf4
e5 15. Be3 b5 16. Qh4 b4 17. Ne4 Nxe4 18. Qxe4 Nd4 19. Bxd4 exd4 20. Bd3 Rfe8
21. Qf3 Qe5 22. Bc4 Ra7 23. b3 Qe4 24. Qxe4 Rxe4 25. Rfe1 Rxe1+ 26. Rxe1 Kf8
27. f4 Rc7 28. Kf2 Rc5 29. Bd3 Bf6 1/2-1/2

[Event "Vienna Chess Open 2013"]
[Site "Großer Festsaal im Wiener Rat"]
[Date "2013.08.22"]
[Round "6.10"]
[White "Kaufeld, Juergen"]
[Black "Chatalbashev, Boris"]
[Result "0-1"]
[WhiteElo "2348"]
[BlackElo "2523"]
[PlyCount "88"]
[EventDate "2013.??.??"]

1. e4 d6 2. d4 Nf6 3. Nc3 g6 4. Be3 c6 5. Qd2 b5 6. f3 Nbd7 7. h4 Nb6 8. b3 h5
9. Nh3 Bxh3 10. Rxh3 Bg7 11. Be2 O-O 12. Kf2 b4 13. Nd1 c5 14. dxc5 dxc5 15.
Qxd8 Rfxd8 16. Rb1 Nfd7 17. Nb2 a5 18. Rhh1 Bd4 19. Bxd4 cxd4 20. Rbd1 e5 21.
g4 hxg4 22. fxg4 Nc5 23. Kf3 Ne6 24. Nc4 Nd7 25. g5 f6 26. Kg3 Nf4 27. Bg4 Nc5
28. gxf6 Re8 29. f7+ Kxf7 30. Nd6+ Kf6 31. Nxe8+ Rxe8 32. Bf3 Rc8 33. Rd2 Nce6
34. Kf2 Rc3 35. a3 bxa3 36. Ra1 Nc5 37. Rxa3 a4 38. Ra1 axb3 39. cxb3 Nfd3+ 40.
Kg1 Nxb3 41. Ra6+ Kg7 42. Rh2 Rc1+ 43. Kg2 Nd2 44. Kg3 Nf1+ 0-1

[Event "Vienna Chess Open 2013"]
[Site "Großer Festsaal im Wiener Rat"]
[Date "2013.08.22"]
[Round "6.11"]
[White "Hawkins, Jonathan"]
[Black "Srienz, Christian"]
[Result "1-0"]
[WhiteElo "2521"]
[BlackElo "2312"]
[PlyCount "39"]
[EventDate "2013.??.??"]

1. Nf3 Nf6 2. c4 e6 3. g3 a6 4. Bg2 b5 5. b3 c5 6. O-O Bb7 7. Nc3 Qb6 8. Re1
Be7 9. e4 O-O 10. e5 Ne8 11. Qe2 Nc6 12. Bb2 f6 13. cxb5 axb5 14. Nxb5 Ba6 15.
a4 Nc7 16. exf6 gxf6 17. Nh4 Rf7 18. Qh5 Raf8 19. Re4 f5 20. Rg4+ 1-0

[Event "Vienna Chess Open 2013"]
[Site "Großer Festsaal im Wiener Rat"]
[Date "2013.08.22"]
[Round "6.12"]
[White "Brühl, Andreas"]
[Black "Stanec, Nikolaus"]
[Result "1/2-1/2"]
[WhiteElo "2343"]
[BlackElo "2516"]
[PlyCount "22"]
[EventDate "2013.??.??"]

1. d4 Nf6 2. c4 g6 3. Nc3 Bg7 4. Nf3 O-O 5. g3 c5 6. d5 d6 7. Bg2 a6 8. O-O b5
9. cxb5 axb5 10. Nxb5 Ba6 11. Nc3 Nbd7 1/2-1/2